[Event "29th ECC Open 2013"]
[Site "Rhodes GRE"]
[Date "2013.10.23"]
[Round "4.8"]
[White "Papaioannou,I"]
[Black "Ikonnikov,Vy"]
[Result "1/2-1/2"]
[WhiteElo "2633"]
[BlackElo "2564"]

1.d4 Nf6 2.c4 e6 3.g3 Bb4+ 4.Nd2 d5 5.Bg2 O-O 6.Nf3 b6 7.O-O Bb7 8.Ne5 Nbd7
9.Qa4 Bd6 10.Nxd7 Qxd7 11.Qxd7 Nxd7 12.cxd5 Bxd5 13.e4 Bb7 14.Rd1 Be7 15.Nc4 Rfd8
16.Be3 Nf6 17.f3 Rac8 18.Rab1 a5 19.Rbc1 Nd7 20.Bh3 g6 21.g4 g5 22.Bf1 h6
23.Be2 Bf6 24.Kf2 Nb8 25.e5 Be7 26.f4 gxf4 27.Bxf4 Bg5 28.Bxg5 hxg5 29.Ne3 Kg7
30.Rc3 c5 31.dxc5 Rxd1 32.Bxd1 Nd7 33.cxb6 Rxc3 34.bxc3 Nxe5 35.Be2 Kf6 36.Kg3 Ke7
37.Nc4 Nxc4 38.Bxc4 Kd6 39.h4 gxh4+ 40.Kxh4 Kc5 41.Bb3 Kxb6 42.Kg5 Bf3 43.Kf4 Be2
44.g5 Kb5 45.Ke3 Bf1 46.a3 Kc5 47.Ke4 Bc4 48.Bxc4  1/2-1/2

[Event "TCh-CZE Extraliga 2013-14"]
[Site "Prague CZE"]
[Date "2013.11.02"]
[Round "1.3"]
[White "Jirka,J"]
[Black "Antoniewski,R"]
[Result "1-0"]
[WhiteElo "2453"]
[BlackElo "2550"]

1.d4 Nf6 2.c4 e6 3.g3 Bb4+ 4.Bd2 a5 5.Bg2 d6 6.Nc3 Nbd7 7.a3 Bxc3 8.Bxc3 a4
9.Nf3 O-O 10.O-O Re8 11.Qc2 e5 12.e4 exd4 13.Nxd4 Ne5 14.Qe2 Ng6 15.Qc2 Ne5
16.Rad1 Bg4 17.f3 Bd7 18.Qe2 Qc8 19.Nc2 Bh3 20.Ne3 Bxg2 21.Kxg2 Qe6 22.Rfe1 h5
23.Qf1 Ned7 24.Nf5 Ne5 25.Ne3 Ned7 26.h3 Nb6 27.g4 Nfd7 28.gxh5 Ne5 29.Kh2 Nexc4
30.Nf5 g6 31.Ng7 Qe7 32.Nxe8 Rxe8 33.hxg6 fxg6 34.Qg2 Qf7 35.Rg1 Re6 36.Rde1 Nd7
37.Qg3 Nc5 38.Re2 Nd3 39.Rf1 Nf4 40.Ref2 Nd3 41.Qh4 Kf8 42.Rg2 Ke8 43.Qg5 c6
44.Rg4 Kd7 45.Rh4 Kc7 46.Rh8 Re7 47.Ra8 Nc5 48.Rg1 Nd7 49.Rg3 Nce5 50.f4 Nc4
51.f5 Nce5 52.h4 gxf5 53.exf5 Qh7 54.Kh3 c5 55.Rxa4 Rf7 56.Rf4 d5 57.Bxe5+ Nxe5
58.f6 Nd7 59.Qxd5 b6 60.Ra4 Rxf6 61.Ra7+  1-0

[Event "3rd Panama Open"]
[Site "Panama City PAN"]
[Date "2013.11.03"]
[Round "5.3"]
[White "Gomez Garrido,C"]
[Black "Alvarez Pedraza,A"]
[Result "1/2-1/2"]
[WhiteElo "2504"]
[BlackElo "2490"]

1.d4 Nf6 2.c4 e6 3.g3 Bb4+ 4.Bd2 Bxd2+ 5.Qxd2 d5 6.Bg2 c6 7.Qc2 b6 8.Nf3 Nbd7
9.Nbd2 O-O 10.O-O Bb7 11.e4 c5 12.cxd5 exd5 13.e5 Ne4 14.Rad1 cxd4 15.Nxe4 dxe4
16.Nxd4 Nxe5 17.Bxe4 Bxe4 18.Qxe4 Ng6 19.Rfe1 Re8 20.Qxe8+ Qxe8 21.Rxe8+ Rxe8
22.Nc6 h5 23.Kf1 Rc8 24.Rd6 Rc7 25.a4 Ne7 26.Nd4 g6 27.b3 Kf8 28.Rd8+ Kg7
29.Nb5 Rc1+ 30.Kg2 Rb1 31.Nd4 Nf5 32.Nxf5+ gxf5 33.Rd3 Rb2 34.h4 Kf6 35.Kf3 Ke5
36.Ke3 Rc2 37.f4+ Ke6 38.Kd4 Kd6 39.Re3 Rg2 40.Kc4 a6 41.Kb4 f6 42.Rd3+ Kc6
43.Kc4 Rc2+ 44.Kd4 Kd6 45.Re3 Rg2 46.Kc4 Rc2+  1/2-1/2

[Event "3rd Panama Open"]
[Site "Panama City PAN"]
[Date "2013.11.04"]
[Round "8.28"]
[White "Carvajal Gorgona,J"]
[Black "Fandino Reyes,R"]
[Result "1/2-1/2"]
[WhiteElo "2239"]
[BlackElo "2115"]

1.d4 e6 2.c4 Nf6 3.g3 Bb4+ 4.Bd2 Be7 5.Nf3 d5 6.Bg2 O-O 7.Qc2 Ne4 8.Be3 c6
9.O-O Nd7 10.Nc3 f5 11.Rad1 Bf6 12.Nd2 Nxd2 13.Qxd2 dxc4 14.Bf4 Nb6 15.e4 fxe4
16.Nxe4 Be7 17.Qe2 Nd5 18.Be5 b5 19.Rfe1 Rf7 20.h4 Bb4 21.Rf1 Be7 22.Rfe1 Bb4
23.Rf1 Be7  1/2-1/2

[Event "20th Mukachevo Rating 2013"]
[Site "Mukachevo UKR"]
[Date "2013.11.09"]
[Round "8.4"]
[White "Sychevskyy, Andriy"]
[Black "Bortnyk, Mykola"]
[Result "1/2-1/2"]
[WhiteElo "2159"]
[BlackElo "2423"]

1.d4 Nf6 2.c4 e6 3.g3 Bb4+ 4.Bd2 Be7 5.Bg2 d5 6.Nf3 O-O 7.O-O c6 8.Qc2 b6
9.Bf4 Ba6 10.cxd5 cxd5 11.Nc3 b5 12.a4 b4 13.Nb5 Nbd7 14.Rfc1 Qb6 15.Qc6 Rac8
16.Bc7 Qxc6 17.Rxc6 Bb7 18.Rcc1 Ra8 19.Bd6 Bxd6 20.Nxd6 Ba6 21.e3 Bd3 22.a5 a6
23.Rc7 Bg6 24.Rac1 Rfd8 25.Bf1 Kf8 26.Nb7 Re8 27.Nc5 Red8 28.Nxa6 b3 29.Nb4 Ne8
30.R7c3 Nd6 31.Nd2 Bc2 32.Nxc2 bxc2 33.R3xc2 Rxa5 34.Nb3 Ra2 35.Nc5 Nb6 36.b3 Ra3
37.Kg2 Ke7 38.Rb2 Rda8 39.Nd3 Nd7 40.Nb4 Ke8 41.Be2  1/2-1/2

[Event "Chennai WGM 2013"]
[Site "Chennai IND"]
[Date "2013.11.13"]
[Round "10.3"]
[White "Mohota,N"]
[Black "Vijayalakshmi,S"]
[Result "0-1"]
[WhiteElo "2260"]
[BlackElo "2399"]

1.d4 Nf6 2.c4 e6 3.g3 Bb4+ 4.Bd2 Bxd2+ 5.Qxd2 O-O 6.Bg2 d5 7.Nf3 Nc6 8.O-O Ne4
9.Qc1 f5 10.e3 Bd7 11.Ne1 Na5 12.f3 Nf6 13.Nd2 Nxc4 14.Nxc4 dxc4 15.Qxc4 Nd5
16.Qb3 Qe8 17.Rf2 Ba4 18.Qd3 Rd8 19.f4 c5 20.Nf3 c4 21.Qd2 Qb5 22.Ne5 Qa6
23.g4 fxg4 24.Nxg4 Bc6 25.Ne5 Ne7 26.e4 b5 27.a4 bxa4 28.Qc3 Ng6 29.Nxc6 Qxc6
30.e5 Qb6 31.f5 Rxd4 32.Kh1 Nxe5 33.Re2 Rxf5 34.h3 Rd3 35.Qe1 Nf3 36.Bxf3 Rfxf3
37.Rh2 Rxh3 38.Rxh3 Rxh3+ 39.Kg2 Rb3 40.Rd1 Rxb2+ 41.Kf1 c3 42.Qh4 Qb5+ 43.Kg1 Qb6+
44.Kf1 Rb1 45.Rxb1 Qxb1+ 46.Ke2 Qc2+ 47.Ke3 Qd2+ 48.Kf3 c2 49.Qxa4 Qd3+ 50.Kf2 h6  0-1

[Event "10th Vasylyshyn Memorial IM"]
[Site "Lviv UKR"]
[Date "2013.11.19"]
[Round "1"]
[White "Sychevskyy,Andriy"]
[Black "Yildiz,B"]
[Result "0-1"]
[WhiteElo "2159"]
[BlackElo "2291"]

1.d4 Nf6 2.c4 e6 3.g3 Bb4+ 4.Bd2 Be7 5.Nf3 d5 6.Bg2 O-O 7.O-O c6 8.Qc2 Nbd7
9.Rd1 b6 10.Bf4 Ba6 11.Ne5 Qc8 12.Nc3 Rd8 13.e4 dxc4 14.d5 Nxe5 15.Bxe5 Ne8
16.Bf4 Bb7 17.Bh3 cxd5 18.exd5 Nf6 19.dxe6 Qc6 20.exf7+ Kxf7 21.f3 Qxf3 22.Bg2 Qxg2+
23.Qxg2 Bxg2 24.Kxg2 Rxd1 25.Rxd1 Rc8 26.Nb5 Rc5 27.Nd6+ Bxd6 28.Rxd6 Rb5
29.Bc1 Re5 30.Rd2 Nd5 31.Rf2+ Ke6 32.Bd2 b5 33.Kh3 b4 34.Bc1 c3 35.Rc2 Ne3
36.Bxe3 Rxe3 37.Kg2 Kd5 38.Kf2 Kd4  0-1

[Event "76th ch-CRC 2013"]
[Site "San Jose CRC"]
[Date "2013.11.19"]
[Round "6.5"]
[White "Minero Pineda,S"]
[Black "Duran Vega,S"]
[Result "1/2-1/2"]
[WhiteElo "2412"]
[BlackElo "2267"]

1.d4 Nf6 2.c4 e6 3.g3 Bb4+ 4.Bd2 Bxd2+ 5.Qxd2 d5 6.Nf3 Nbd7 7.Bg2 c6 8.O-O O-O
9.Qc2 b6 10.Nbd2 Bb7 11.e4 dxe4 12.Nxe4 c5 13.Nd6 Bc6 14.Rad1 Qc7 15.Nb5 Qb7
16.Nd6 Qc7 17.Nb5 Qb7 18.Nd6  1/2-1/2

[Event "UT Dallas IM Inv 2013"]
[Site "Dallas USA"]
[Date "2013.11.21"]
[Round "1.1"]
[White "Moon,R"]
[Black "Getz,A"]
[Result "0-1"]
[WhiteElo "2149"]
[BlackElo "2344"]

1.d4 Nf6 2.c4 e6 3.g3 Bb4+ 4.Bd2 Qe7 5.Bg2 Nc6 6.Nf3 Bxd2+ 7.Nbxd2 d6 8.O-O a5
9.e4 e5 10.d5 Nb8 11.Ne1 O-O 12.Nd3 Na6 13.Qc2 Bg4 14.f3 Bd7 15.b3 c6 16.Rfc1 Rfc8
17.Qd1 Nc5 18.Nxc5 dxc5 19.a4 Ne8 20.Qc2 Nd6 21.Qc3 f6 22.Re1 Qf8 23.f4 Re8
24.h3 Qe7 25.Kh2 Nf7 26.Rad1 Qd6 27.Qe3 b6 28.Nf3 cxd5 29.exd5 exf4 30.Qxf4 Qxf4
31.gxf4 Nd6 32.Nd2 Bf5 33.Rc1 Kf7 34.Bf3 Rxe1 35.Rxe1 Re8 36.Rxe8 Kxe8 37.Kg3 Bc2
38.Kf2 Ke7 39.Ke1 g5 40.fxg5 fxg5 41.Bd1 Bf5 42.Bg4 Bg6 43.Bd1 Kf6 44.Kf2 Ke5
45.Kg3 Nf5+ 46.Kg4 Ne3+  0-1

[Event "ch-VIE 2013"]
[Site "Ho Chi Minh City VIE"]
[Date "2013.11.22"]
[Round "6.2"]
[White "Pham Chuong"]
[Black "Vo Thanh Ninh"]
[Result "1/2-1/2"]
[WhiteElo "2344"]
[BlackElo "2294"]

1.d4 e6 2.c4 Nf6 3.g3 Bb4+ 4.Bd2 Be7 5.Bg2 d5 6.Nf3 O-O 7.O-O c6 8.Qc2 Nbd7
9.Bf4 Ne4 10.Nc3 g5 11.Bd2 f5 12.Ne1 Nb6 13.Nxe4 dxe4 14.Rd1 Qxd4 15.Bxg5 Qg7
16.Bxe7 Qxe7 17.b3 e5 18.Bh3 Nd7 19.Ng2 Nc5 20.Nh4 a5 21.f3 f4 22.Bxc8 Raxc8
23.fxe4 fxg3 24.hxg3 Qg5 25.Nf5 Rcd8 26.Rxd8 Rxd8 27.Qc3 Re8 28.Qxa5 Nxe4
29.Qc7 Kh8 30.Kg2 Qf6 31.Qxb7 Nd2 32.Rf2 Ne4 33.Rf3 Nd2 34.Rf2 Ne4 35.Rf3 Nd2
36.Rf2  1/2-1/2

[Event "ch-VIE 2013"]
[Site "Ho Chi Minh City VIE"]
[Date "2013.11.24"]
[Round "8.5"]
[White "Ton,T"]
[Black "Vo Thanh Ninh"]
[Result "0-1"]
[WhiteElo "2242"]
[BlackElo "2294"]

1.d4 e6 2.c4 Nf6 3.g3 Bb4+ 4.Bd2 Be7 5.Bg2 d5 6.Nf3 O-O 7.O-O c6 8.Qc2 Nbd7
9.Bf4 Ne4 10.Nfd2 Nxd2 11.Nxd2 g5 12.Be3 f5 13.f3 b5 14.cxb5 cxb5 15.Qc6 Qb6
16.Rfc1 Qxc6 17.Rxc6 Nb6 18.Rac1 Bd7 19.R6c2 f4 20.Bf2 Nc4 21.Nb1 Rfc8 22.b3 Ne3
23.Rxc8+ Rxc8 24.Rxc8+ Bxc8 25.gxf4 gxf4 26.Nc3 Ba6 27.Bh3 Kf7 28.Bxe3 fxe3
29.f4 b4 30.Nd1 Bf6 31.Nxe3 Bxe2 32.Nc2 Bd3 33.Nxb4 Bxd4+ 34.Kg2 Be4+ 35.Kf1 Be3
36.Nc6 Kf6 37.Ke2 Bxf4 38.Nxa7 d4 39.Nb5 d3+ 40.Kf2 e5 41.Nd6 Bg6 42.Bg4 e4
43.Nc4 h5 44.Bd1 Ke6 45.a4 Bxh2 46.a5 Kd5 47.a6 Bb8 48.Ke3 Ba7+ 49.Kf4 Be8
50.Ne3+ Kd4 51.Nf5+ Kd5 52.Ne7+ Ke6 53.Nf5 Bg6 54.Ne3 Bb8+ 55.Kg5 Be8 56.b4 Ke5
57.Bxh5 Bxh5 58.b5 Ba7 59.Nc4+ Kd4 60.b6 Bxb6 61.Nxb6 Be8  0-1

[Event "10th Vasylyshyn Memorial IM"]
[Site "Lviv UKR"]
[Date "2013.11.24"]
[Round "6"]
[White "Sychevskyy,Andriy"]
[Black "Osmak,Iulija"]
[Result "1/2-1/2"]
[WhiteElo "2159"]
[BlackElo "2197"]

1.d4 Nf6 2.c4 e6 3.g3 Bb4+ 4.Bd2 a5 5.Bg2 d5 6.Nf3 O-O 7.O-O dxc4 8.Qc2 Nc6
9.Qxc4 Qd5 10.Qxd5 exd5 11.Bf4 Re8 12.e3 Re7 13.a3 Bd6 14.Bxd6 cxd6 15.Nc3 Bf5
16.Nd2 Be4 17.Rfc1 Bxg2 18.Kxg2 Kf8 19.Rc2 Ke8 20.Rac1 Ra6 21.Na4 Kd7 22.Nb3 Kd8
23.Nc3 Rd7 24.Nd2 Ke7 25.Nf3 Rd8 26.Ne1 Kd7 27.Nd3 Rc8 28.Na4 Kd8 29.Nc3 Ne7
30.Nb5 Rb6 31.a4 Ne8 32.Rxc8+ Nxc8 33.Rc3 Rc6 34.Nf4 Nf6 35.f3 Kd7 36.Nd3 Nb6
37.b3 Nc8 38.Kf2 Ne7 39.Ke2 Nf5 40.Nf2 h5 41.Nd3 Ne7  1/2-1/2

[Event "ch-PAR 2013"]
[Site "Asuncion PAR"]
[Date "2013.11.25"]
[Round "8.1"]
[White "Latorre,Mat"]
[Black "Vazquez,Guillermo"]
[Result "1-0"]
[WhiteElo "2250"]
[BlackElo "2345"]

1.d4 Nf6 2.c4 e6 3.g3 Bb4+ 4.Bd2 Qe7 5.Nf3 Nc6 6.Nc3 O-O 7.Bg2 Na5 8.c5 Nc6
9.a3 Bxc3 10.Bxc3 a5 11.O-O a4 12.Qd3 b6 13.cxb6 Ba6 14.Qd1 cxb6 15.Ne5 Rfc8
16.Re1 Bb7 17.Nc4 Ra6 18.e4 d6 19.d5 Nb8 20.Nxd6 Qxd6 21.e5 Qxd5 22.Bxd5 Nxd5
23.Rc1 Nc6 24.f4 Rd8 25.Qe2 Raa8 26.Red1 g6 27.Qf2 Rd7 28.Rd2 Rc8 29.Bb4 Rcd8
30.Bd6 Na5 31.Rdd1 Nb3 32.Rc2 b5 33.Qe2 Kg7 34.Kf2 Ba6 35.Rc6 Bb7 36.Rc2 Ba6
37.h4 h5 38.Rc6 Bb7 39.Rc2 Ba6 40.f5 Na5 41.Rxd5 exd5 42.e6  1-0

[Event "10th Vasylyshyn Memorial GM"]
[Site "Lviv UKR"]
[Date "2013.11.27"]
[Round "9"]
[White "Golichenko,I"]
[Black "Sanal,V"]
[Result "1-0"]
[WhiteElo "2451"]
[BlackElo "2419"]

1.d4 Nf6 2.c4 e6 3.g3 Bb4+ 4.Bd2 Be7 5.Bg2 d5 6.Nf3 O-O 7.O-O b6 8.cxd5 exd5
9.Nc3 Bb7 10.Rc1 a6 11.Bf4 Nbd7 12.Nh4 Re8 13.Nf5 Bf8 14.Qb3 c5 15.Nxd5 Bxd5
16.Bxd5 Nxd5 17.Qxd5 Rxe2 18.b4 g6 19.dxc5 gxf5 20.Rfd1 bxc5 21.Qxf5 Re6
22.bxc5 Qe8 23.c6 Nf6 24.c7 Rc8 25.Qb1 Ne4 26.Qb7 Nc5 27.Qd5 Rc6 28.Qg5+ Rg6
29.Qd8 Re6 30.Rb1 Na4 31.Qxc8 Qxc8 32.Rd8 Nb6 33.Rxb6 Re1+ 34.Kg2 Qf5 35.c8=Q  1-0

[Event "9th Ugra Governor's Cup B"]
[Site "Khanty-Mansiysk RUS"]
[Date "2013.11.28"]
[Round "1"]
[White "Goriatchkin,J"]
[Black "Lev,N"]
[Result "1-0"]
[WhiteElo "2322"]
[BlackElo "1680"]

1.d4 Nf6 2.c4 e6 3.g3 Bb4+ 4.Bd2 Bxd2+ 5.Nxd2 O-O 6.e4 d6 7.e5 dxe5 8.dxe5 Nfd7
9.Ngf3 a5 10.Bg2 Nc5 11.O-O Nbd7 12.Qc2 Qe7 13.Rad1 Rb8 14.h4 h6 15.Rfe1 b6
16.Nd4 Bb7 17.Bxb7 Rxb7 18.Nc6 Qe8 19.Ne4 Nb8 20.Nxc5 bxc5 21.Nxa5 Ra7 22.Nb3 Qa4
23.Rd2 Nc6 24.Qe4 Qxa2 25.Nxc5 Qa5 26.Nb3 Qb4 27.Qxc6 Qxb3 28.Red1 Qb8 29.Rd7 Qxb2
30.Rxc7 Ra1 31.Rxa1 Qxa1+ 32.Kg2 Qxe5 33.Rd7 Qf6 34.c5 Rb8 35.Rb7 Rd8 36.Qe4 Rd2
37.Rb8+ Rd8 38.Rxd8+ Qxd8 39.Qb7  1-0

[Event "9th Ugra Governor's Cup"]
[Site "Khanty-Mansiysk RUS"]
[Date "2013.11.28"]
[Round "1.15"]
[White "Goryachkina,A"]
[Black "Maletin,P"]
[Result "1/2-1/2"]
[WhiteElo "2438"]
[BlackElo "2598"]

1.d4 Nf6 2.c4 e6 3.g3 Bb4+ 4.Nd2 d5 5.Bg2 O-O 6.Nf3 dxc4 7.Qc2 Nc6 8.Qxc4 Qd5
9.O-O Bxd2 10.Qxd5 exd5 11.Bxd2 Bg4 12.Be3 Rfe8 13.Rfc1 Rac8 14.h3 Bf5 15.Bf1 a6
16.g4 Bg6 17.Nh4 Ne4 18.Kh2 f6 19.b3 Bf7 20.Ng2 Nd6 21.f3 g5 22.Bf2 f5 23.e3 fxg4
24.hxg4 h5 25.Bxa6 Nxd4 26.exd4 bxa6 27.Ne3 c6 28.Rc2 Bg6 29.Rd2 Rf8 30.Kg2 h4
31.Nf1 h3+ 32.Kxh3 Rxf3+ 33.Kg2 Rcf8 34.Nh2 Rc3 35.Rb2 Ne4 36.Rf1 Rd3 37.Be1 Rxf1
38.Nxf1 Rxd4 39.Ng3 Nxg3 40.Kxg3 Be8 41.Rd2 Re4 42.Bf2 Bg6 43.a3 Re6 44.b4 Re4
45.Bc5 Bf7 46.Bf2 Be6 47.Rd4 Re2 48.Kf3 Ra2 49.Rd3 Bxg4+ 50.Kxg4 Rxf2 51.Kxg5 Kf7
52.Rc3 Rf6 53.a4 Re6 54.Rc5 Ke7 55.b5 axb5 56.axb5 cxb5 57.Rxd5 Rb6 58.Kf4 Ke6
59.Rh5 Kd6  1/2-1/2

[Event "9th Ugra Governor's Cup B"]
[Site "Khanty-Mansiysk RUS"]
[Date "2013.11.30"]
[Round "3"]
[White "Zemerov,E"]
[Black "Lev,N"]
[Result "1-0"]
[WhiteElo "2027"]
[BlackElo "1680"]

1.d4 Nf6 2.c4 e6 3.g3 Bb4+ 4.Bd2 Be7 5.Bg2 O-O 6.Nc3 d6 7.Nf3 Nbd7 8.O-O e5
9.Qc2 c6 10.Rfd1 Qc7 11.Rac1 Re8 12.Be1 Bf8 13.d5 c5 14.e4 a6 15.a3 g6 16.Bd2 Bg7
17.Ne1 Nb6 18.b3 Qe7 19.h3 Nh5 20.Be3 f5 21.exf5 Bxf5 22.Qe2 Nf6 23.b4 e4
24.bxc5 dxc5 25.g4 Bd7 26.d6 Qe5 27.g5 Nh5 28.Nxe4 Nf4 29.Bxf4 Qxf4 30.Nd3 Qxg5
31.Nxg5 Rxe2 32.Nxc5 Rf8 33.Nxd7 Rfxf2 34.Bf1 Rd2 35.Ne4 Rxd1 36.Rxd1  1-0

[Event "TCh-CZE Extraliga 2013-14"]
[Site "Litovel CZE"]
[Date "2013.11.30"]
[Round "3.4"]
[White "Simek,P2"]
[Black "Krejci,Jan1"]
[Result "0-1"]
[WhiteElo "2392"]
[BlackElo "2153"]

1.d4 Nf6 2.c4 e6 3.g3 Bb4+ 4.Bd2 Qe7 5.Bg2 Nc6 6.Nf3 Bxd2+ 7.Nbxd2 d6 8.O-O O-O
9.e4 e5 10.d5 Nb8 11.b4 Bg4 12.h3 Bxf3 13.Qxf3 a5 14.a3 Na6 15.Qc3 Ra7 16.Rfc1 Nd7
17.h4 Rfa8 18.Bh3 Nb6 19.Bg4 g6 20.Bd1 Nd7 21.Bg4 Nf6 22.Bd1 Nb8 23.Kg2 Nbd7
24.Bf3 Kg7 25.Nb3 b6 26.Rcb1 h6 27.Rh1 h5 28.Rhb1 Ng8 29.Be2 Qf8 30.bxa5 bxa5
31.c5 Ngf6 32.c6 Nxe4 33.Qe3 Ndc5 34.Nxc5 Nxc5 35.f4 exf4 36.Qxf4 Re8 37.Bf3 Raa8
38.Re1 Rxe1 39.Rxe1 Re8 40.Rxe8 Qxe8  0-1

[Event "14th Puhajarve Rapid"]
[Site "Puhajarve EST"]
[Date "2013.11.30"]
[Round "26.6"]
[White "Nyback,T"]
[Black "Schuls,O"]
[Result "1-0"]
[WhiteElo "2586"]
[BlackElo "2224"]

1.d4 Nf6 2.c4 e6 3.g3 Bb4+ 4.Bd2 c5 5.Nf3 Nc6 6.Bxb4 cxb4 7.Bg2 d6 8.O-O O-O
9.a3 Qb6 10.axb4 Nxb4 11.Nc3 Re8 12.c5 dxc5 13.Na4 Qb5 14.Nxc5 b6 15.Ne5 Nbd5
16.Ncd3 Bb7 17.Qd2 a5 18.Rfc1 Rec8 19.e4 Ne7 20.f3 Nd7 21.Bf1 Nxe5 22.Nxe5 Qe8
23.Rxc8 Bxc8 24.b4 a4 25.b5 Bd7 26.Qb4 Ra5 27.Rxa4 Bxb5 28.Rxa5  1-0

[Event "Saint Louis Thanksgiving Open 2013"]
[Site "Saint Louis USA"]
[Date "2013.11.30"]
[Round "3.5"]
[White "Larson,Matthew W"]
[Black "Zhou,Jason"]
[Result "0-1"]
[WhiteElo "2101"]
[BlackElo "1728"]

1.d4 Nf6 2.c4 e6 3.g3 Bb4+ 4.Bd2 Qe7 5.Bg2 O-O 6.Nf3 a5 7.O-O Bxd2 8.Qxd2 d6
9.Nc3 e5 10.e4 Nbd7 11.Qc2 Re8 12.b3 Nb6 13.h3 Bd7 14.Rfe1 Rad8 15.Kh2 c6
16.Qb2 Rb8 17.Rad1 Na8 18.Qa3 b6 19.Rd2 Nc7 20.Red1 h6 21.Ng1 Rbd8 22.f4 exf4
23.gxf4 Nh5 24.Nce2 Ne6 25.Rf1 c5 26.d5 Nexf4 27.Nxf4 Nxf4 28.Nf3 Qxe4 29.Qb2 Qh7
30.Qc3 Re7 31.Rff2 Rde8 32.Bf1 Re3 33.Qa1 Qe4 34.Qd1 Bf5 35.Ng1 Re1 36.Qf3 Qxf3
37.Rxf3 g5 38.Rdf2 Bg6 39.h4 Kg7 40.Nh3 Nxh3 41.Kxh3 R8e3 42.hxg5 Rxf3+ 43.Rxf3 hxg5
44.Rf2 Bh5 45.Bd3 Re3+  0-1

[Event "2nd Hyderabad GM Open 2013"]
[Site "Hyderabad IND"]
[Date "2013.12.01"]
[Round "8.13"]
[White "Chatterjee,D"]
[Black "Stopa,Ja"]
[Result "1/2-1/2"]
[WhiteElo "2262"]
[BlackElo "2510"]

1.d4 Nf6 2.c4 e6 3.g3 Bb4+ 4.Bd2 a5 5.Bg2 O-O 6.Nf3 b6 7.O-O Bb7 8.Nc3 d6
9.b3 Nbd7 10.a3 Bxc3 11.Bxc3 Ne4 12.Bb2 f5 13.Qc2 Qe8 14.Rfd1 Qh5 15.Ne1 Rf6
16.Bf3 Qh3 17.Bg2 Qh5 18.Bf3 Qf7 19.d5 Rh6 20.dxe6 Qxe6 21.Ng2 g5 22.Ne3 g4
23.Bg2 Qg6 24.Nd5 Qh5 25.Bxe4 fxe4 26.Qxe4 Re8 27.Qg2 Rxe2 28.Bd4 Bxd5 29.cxd5 Ne5
30.Bxe5 Qxe5 31.Rac1 Rf6 32.Rxc7 Qb2 33.Rf1 Qxb3 34.h3 Qf3 35.hxg4 Qxg4 36.Rfc1 Qf5
37.Rc8+ Kg7 38.R1c7+ Rf7 39.Rxf7+ Kxf7 40.Rc1 Rd2 41.Re1 Rd4 42.Qf1 Rxd5
43.Qc4 Kg6 44.Qc6 Qf3 45.Qxb6 Qf6 46.Qb1+ Qf5 47.Qb8 Qf7 48.Qc8 Rf5 49.Qc2 Kg7
50.Qc3+ Qf6 51.Qc7+ Kh6 52.Qd7 Re5 53.Rd1 Re6 54.Qc7 Qe5 55.Qd7 Rf6 56.Qc8 Qe2  1/2-1/2

[Event "Saint Louis Thanksgiving Open 2013"]
[Site "Saint Louis USA"]
[Date "2013.12.01"]
[Round "4.1"]
[White "Sharevich,A"]
[Black "Priyadharshan,K"]
[Result "0-1"]
[WhiteElo "2271"]
[BlackElo "2402"]

1.d4 Nf6 2.c4 e6 3.g3 Bb4+ 4.Bd2 c5 5.Bxb4 cxb4 6.Bg2 O-O 7.Nf3 d6 8.O-O a5
9.Qd3 Qc7 10.Nbd2 Nbd7 11.Rac1 h6 12.Rfe1 Rd8 13.a3 bxa3 14.Qxa3 b6 15.b4 Bb7
16.b5 e5 17.e3 Re8 18.Nh4 Bxg2 19.Kxg2 g6 20.Kg1 Kg7 21.Qa1 a4 22.Rc2 exd4
23.exd4 Rxe1+ 24.Qxe1 d5 25.Qa1 Qd6 26.Nhf3 dxc4 27.Rxc4 a3 28.Rc3 a2 29.Rc2 Qd5
30.Kg2 Ra3 31.Kg1 Ne4 32.Rc1 Nd6 33.Ne5 Ra7 34.Nc6 Ra4 35.Nf1 Nxb5 36.Ne3 Qd6
37.d5+ Qf6 38.Qxf6+ Kxf6  0-1

[Event "IV JAHV McGregor 2013"]
[Site "Bogota COL"]
[Date "2013.12.04"]
[Round "1.13"]
[White "Uribe Arteaga,D"]
[Black "Barrientos,S"]
[Result "0-1"]
[WhiteElo "2292"]
[BlackElo "2474"]

1.d4 Nf6 2.c4 e6 3.g3 Bb4+ 4.Bd2 a5 5.Nf3 d6 6.Bg2 Nbd7 7.O-O e5 8.a3 Bxd2
9.Qxd2 O-O 10.Nc3 Re8 11.b4 c6 12.b5 Qc7 13.Rad1 e4 14.Ng5 d5 15.cxd5 cxd5
16.f3 e3 17.Qd3 h6 18.Nxd5 Nxd5 19.Qh7+ Kf8 20.Qh8+ Ke7 21.Qxg7 hxg5 22.f4 N7b6
23.fxg5 Be6 24.Rc1 Qd6 25.g6 Rf8 26.Rf3 Kd7 27.Rcf1 Rad8 28.Qh7 Kc7 29.g7 Rg8
30.h4 Kb8 31.h5 Nc3 32.h6 Bg4 33.Rxe3 Qxd4 34.Qd3 Nxe2+ 35.Kh2 Qc5 36.Rf5 Qxf5
37.Qxf5 Bxf5 38.Rxe2 Rd6  0-1

[Event "World Teams 2013"]
[Site "Antalya TUR"]
[Date "2013.12.05"]
[Round "9.4"]
[White "Li Chao2"]
[Black "Ipatov,Alexander"]
[Result "1-0"]
[WhiteElo "2679"]
[BlackElo "2630"]

1.d4 Nf6 2.c4 e6 3.g3 Bb4+ 4.Bd2 Bxd2+ 5.Qxd2 d5 6.Bg2 O-O 7.Nf3 Nbd7 8.O-O c6
9.Rc1 Qe7 10.Na3 Rd8 11.Qf4 Nf8 12.Ne5 Bd7 13.c5 Be8 14.Nc2 N6d7 15.Nd3 f6
16.Qc7 Rab8 17.e4 Bg6 18.Re1 Qf7 19.Qa5 a6 20.Qc3 Bxe4 21.Bxe4 dxe4 22.Rxe4 Ng6
23.Rae1 e5 24.dxe5 Ndxe5 25.Nxe5 Nxe5 26.Nd4 Qh5 27.Kg2 h6 28.b4 Rd7 29.f4 Ng6
30.Qf3 Qd5 31.Qb3 Ne7 32.Qxd5+ Nxd5 33.Nf5 Kf8 34.a3 Ra8 35.Kh3 a5 36.Nd6 Ne7
37.Nc4 Nd5 38.Nxa5 Nc3 39.Re6 Nb5 40.Nc4 Rd4 41.Nb6 Rxa3 42.Re8+ Kf7 43.f5  1-0

[Event "IV JAHV McGregor 2013"]
[Site "Bogota COL"]
[Date "2013.12.05"]
[Round "3.64"]
[White "Uribe Arteaga,D"]
[Black "Parra,Diego Alexander"]
[Result "1-0"]
[WhiteElo "2292"]
[BlackElo "1909"]

1.d4 Nf6 2.c4 e6 3.g3 Bb4+ 4.Bd2 a5 5.Nf3 b6 6.Bg2 Bb7 7.O-O O-O 8.a3 Be7
9.Nc3 d6 10.Qc2 Nbd7 11.b4 axb4 12.axb4 c5 13.bxc5 bxc5 14.Rab1 Qc8 15.d5 exd5
16.Nh4 Ne4 17.Nf5 Re8 18.Rxb7 Qxb7 19.Nxd5 Ndf6 20.Bxe4 Nxe4 21.Qxe4 Ra7
22.Nf6+ Kf8  1-0

[Event "IV JAHV McGregor 2013"]
[Site "Bogota COL"]
[Date "2013.12.06"]
[Round "5.73"]
[White "Almanza,R"]
[Black "Rico Hernandez,Edgar"]
[Result "1-0"]
[WhiteElo "2173"]
[BlackElo "1897"]

1.d4 Nf6 2.c4 e6 3.g3 Bb4+ 4.Bd2 Be7 5.Nc3 d5 6.Nf3 c6 7.Qb3 O-O 8.Bg2 Nbd7
9.O-O Re8 10.Rad1 Nb6 11.c5 Nbd7 12.Qc2 h6 13.b4 Bf8 14.Ne5 Nxe5 15.dxe5 Nd7
16.f4 Be7 17.e4 Rf8 18.Be3 Qe8 19.Bd4 Bd8 20.Rde1 Bc7 21.b5 Qd8 22.exd5 exd5
23.bxc6 bxc6 24.e6 fxe6 25.Rxe6 Nb8 26.Qg6 Rf7 27.Bxg7  1-0

[Event "IV JAHV McGregor 2013"]
[Site "Bogota COL"]
[Date "2013.12.06"]
[Round "5.47"]
[White "Jaramillo Ochoa,M"]
[Black "Bejarano,Dany Andres"]
[Result "1-0"]
[WhiteElo "2159"]
[BlackElo "2021"]

1.d4 Nf6 2.c4 e6 3.g3 Bb4+ 4.Bd2 Be7 5.Nf3 b6 6.Bg2 Bb7 7.Nc3 O-O 8.O-O d5
9.cxd5 Nxd5 10.Nxd5 exd5 11.Bf4 Bd6 12.Qd2 Re8 13.Bxd6 Qxd6 14.Rfd1 Nd7 15.Rac1 Nf6
16.Qc2 Re7 17.e3 Ne4 18.Ne5 c5 19.Bxe4 dxe4 20.Nc4 Qd5 21.b3 Rc8 22.Qb2 cxd4
23.Rxd4 Qc6 24.Rcd1 f6 25.Qa3 Rec7 26.Qxa7 b5 27.Rd6 Qe8 28.Nb6 Bc6 29.Nxc8 Rxc8
30.Qb6 Qh5 31.Rd8+ Kf7 32.Qd4 Rxd8 33.Qxd8 Qc5 34.Qc7+ Ke6 35.Qxg7 Qc2 36.Qg8+ Ke5
37.Qb8+ Kf5 38.Qf4+ Kg6 39.Rd6 Qc3 40.Qg4+ Kf7 41.Qe6+  1-0

[Event "34th El Corte Ingles"]
[Site "Las Palmas ESP"]
[Date "2013.12.08"]
[Round "9.18"]
[White "Biscarri Candalia,O"]
[Black "Schlittermann,W"]
[Result "0-1"]
[WhiteElo "1492"]
[BlackElo "1760"]

1.d4 Nf6 2.c4 e6 3.g3 Bb4+ 4.Nc3 c5 5.e3 d5 6.dxc5 Nc6 7.a3 Bxc3+ 8.bxc3 Qa5
9.Bb2 Qxc5 10.Qb3 dxc4 11.Qxc4 Qb6 12.Rb1 O-O 13.Nf3 e5 14.Qb5 Qxb5 15.Bxb5 Bf5
16.Rc1 Be4 17.Bxc6 Bxc6 18.Ke2 Rfe8 19.Rhe1 Bd7 20.Kf1 b5 21.c4 bxc4 22.Nxe5 Bb5
23.Kg1 Rac8 24.Nf3 h6 25.Bxf6 gxf6 26.Nd4 a6 27.Rc3 Rcd8 28.Kf1 Rd5 29.f3 Kg7
30.Kf2 Kg6 31.h4 f5 32.f4 Kh5 33.Rb1 Rc5 34.Rb4 Rec8 35.a4 Bd7 36.Nf3 a5
37.Rb7 Bxa4 38.Ne5 f6 39.Nf3 Bb3 40.Rb6 R8c6 41.Rxc6 Rxc6 42.Nd4 Rb6 43.Ke2 Kg6
44.Kd2 a4 45.Kc1 Ba2 46.Rc2 Rb1+ 47.Kd2 Bb3 48.Kc3 Bxc2 49.Kxc2 Rb6 50.Ne2 Rb3
51.Nc3 a3  0-1

[Event "5th Penang Open 2013"]
[Site "George Town MAS"]
[Date "2013.12.09"]
[Round "1.17"]
[White "Villanueva,N"]
[Black "Tan,Jun Ying"]
[Result "1-0"]
[WhiteElo "2265"]
[BlackElo "1710"]

1.d4 Nf6 2.c4 e6 3.g3 Bb4+ 4.Bd2 Qe7 5.Bg2 O-O 6.Nf3 Bxd2+ 7.Nbxd2 Nc6 8.O-O d6
9.Rc1 e5 10.d5 Nb8 11.e4 a5 12.Ne1 Bg4 13.f3 Bd7 14.Nd3 Na6 15.a3 c6 16.b4 cxd5
17.exd5 axb4 18.axb4 b5 19.Qb3 bxc4 20.Qxc4 Rfc8 21.Qb3 Bb5 22.Rxc8+ Rxc8
23.Rb1 Rb8 24.Ne4 Nxe4 25.fxe4 Qa7+ 26.Nf2 Be2 27.Qc2 Bb5 28.Bf3 Qd4 29.Kg2 Bc4
30.Rc1 Bb5 31.Qc8+ Be8 32.Qxa6 Qxb4 33.Rc8 Kf8 34.Bg4 Qb7 35.Qxd6+ Qe7 36.Qxe7+ Kxe7
37.Rxb8 Ba4 38.Rb7+ Kd6 39.Nd3 g6 40.Rxf7 h5 41.Rf6+ Kc7 42.Nc5 Bb5 43.d6+ Kb6
44.d7+ Kc7 45.Rf8 Bxd7 46.Bxd7 Kd6 47.Nd3 Kxd7 48.Nxe5+ Ke6 49.Nxg6 h4 50.gxh4 Kd6
51.Rf6+ Kc5 52.e5 Kd5 53.Kf3 Kc5 54.Ke4 Kb5 55.Kd4 Kb4 56.Rb6+ Ka5 57.Kc5 Ka4
58.Kc4 Ka5 59.Rd6  1-0

[Event "SportAccord Blitz Women 2013"]
[Site "Beijing CHN"]
[Date "2013.12.15"]
[Round "19.8"]
[White "Ju Wenjun"]
[Black "Cramling,P"]
[Result "1/2-1/2"]
[WhiteElo "2514"]
[BlackElo "2525"]

1.d4 Nf6 2.c4 e6 3.g3 Bb4+ 4.Bd2 a5 5.Nf3 d5 6.Bg2 O-O 7.O-O dxc4 8.Qc2 Nd5
9.Qxc4 b6 10.Qc2 Bb7 11.a3 Be7 12.e4 Nf6 13.Re1 c5 14.dxc5 bxc5 15.Bc3 Nc6
16.Nbd2 Nd4 17.Bxd4 cxd4 18.e5 Nd7 19.Nb3 Rc8 20.Qd2 a4 21.Nbxd4 Nc5 22.Rad1 Qb6
23.h4 h6 24.Qe3 Rfd8 25.Re2 Bd5 26.Red2 Qb7 27.Ne1 Rd7 28.Bxd5 Rxd5 29.Ndf3 Rxd2
30.Rxd2 Nb3 31.Rd1 Nc5 32.Qe2 Nb3 33.Nd3 Rd8 34.Nf4 Rc8 35.Ne1 Qb6 36.Qe4 Qb5
37.Qe2 Qb6 38.Qe4 Qb5 39.Qe2 Qb6 40.Qe4 Qb5  1/2-1/2